000 00670 a2200241 4500
001 61140
005 20260407155902.0
008 260407a1991 arg spa d
003 AR-UNSa-BCEJYS
040 _aAR-UNSa-BCEJYS
_bspa
_cAR-UNSa-BCEJYS
080 _a339.543(094.4)
_xCódigo Aduanero
245 1 0 _aCódigo aduanero comentado
020 _a978-950-14-0598-9
250 _a3a. ed.
264 1 _aBuenos Aires :
_bEdiciones Depalma
_c1991
300 _axxv, 960 p.
_c23 cm.
041 _aspa
942 _cBK
590 _aniveau_biblio:m niveau_hierar:0
100 1 _aFerro, Carlos A.
700 1 _aFerro, Francisco M.
700 1 _aArgentina [Leyes, etc.]
999 _c7242
_d7242